Sri Guru Ram Das Ji Int. Airport Destinations (Amritsar, India) - Statistics

General Stats
  • This quiz has been taken 41 times
    20 since last reset
  • The average score is 15 of 22
Answer Stats
Airline Destination % Correct
Air India/IndiGo Delhi
100%
Air India/IndiGo Mumbai
100%
Thai Lion Air Bangkok (Don Mueang)
92%
Air India Express Bangkok (Suvarnabhumi)
92%
Qatar Airways Doha
92%
Air India Express/SpiceJet Dubai (International)
92%
IndiGo Kolkata
92%
AirAsia/Malaysia Airlines Kuala Lumpur (International)
92%
Air India Express/IndiGo Bangalore
85%
Air India London (Gatwick)
85%
Scoot Singapore
85%
IndiGo Ahmedabad
69%
IndiGo Lucknow
69%
IndiGo Pune
69%
IndiGo Hyderabad
62%
Neos Milan (Malpensa)
46%
IndiGo Srinagar
46%
Air India Birmingham
38%
Air India Express/IndiGo Sharjah
38%
Neos Verona
38%
Alliance Air Kullu
23%
Alliance Air Shimla
23%
No matching quizzes found
Score Distribution
Percent of People with Each Score
Percentile by Number Answered
Your Score History
You have not taken this quiz since the last reset